Statistiche per Metropolitana di Napoli

Clicka qui per fare il quiz!

Statistiche generali

  • Questo quiz è stato fatto 183 volte
  • Il punteggio medio è 37 su 83

Statistiche sulle risposte

Linea 1% Corretto
Garibaldi
92%
Napoli Garibaldi
92%
Napoli Piazza Garibaldi
92%
Napoli Garibaldi
84%
Toledo
83%
Dante
79%
Mergellina
75%
Mergellina
75%
Napoli Mergellina
75%
Università
75%
Museo
68%
Piscinola
67%
Montesanto
66%
Montesanto
66%
Montesanto
66%
Napoli Montesanto
66%
Pozzuoli-Solfatara
66%
Municipio
63%
Napoli Piazza Cavour
59%
Vanvitelli
59%
Napoli Campi Flegrei
56%
Quattro Giornate
56%
Fuorigrotta
55%
Corso Vittorio Emanuele
54%
Corso Vittorio Emanuele
54%
Corso Vittorio Emanuele
54%
Corso Vittorio Emanuele
54%
Materdei
54%
Policlinico
54%
Salvator Rosa
54%
Bagnoli-Agnano Terme
52%
Chiaiano
51%
Medaglie D'Oro
51%
Colli Aminei
50%
Napoli Piazza Amedeo
46%
Bagnoli
45%
Mostra
45%
Mostra
45%
Napoli San Giovanni-Barra
45%
San Giovanni a Teduccio
45%
Napoli Gianturco
44%
Via Gianturco
44%
Agnano
43%
Napoli Centro Direzionale
42%
Napoli Porta Nolana
42%
Napoli Piazza Leopardi
41%
Napoli Porta Nolana
41%
Barra
39%
Rione Alto
39%
Frullone
38%
Montedonzelli
38%
Pianura
37%
Soccavo
37%
San Giorgio a Cremano
33%
Poggioreale
31%
Ponticelli
31%
Zoo-Edenlandia
30%
Cavalleggeri Aosta
28%
Morghen
28%
Piazza Fuga
28%
Piave
27%
Traiano
27%
La Trencia
24%
Cimarosa
23%
Augusteo
22%
Dazio
21%
Manzoni
21%
Petraio
21%
Augusto
20%
Botteghelle
20%
Lala
20%
Parco Margherita
20%
Pisani
20%
Vesuvio de Meis
20%
Vesuvio de Meis
20%
Argine Palasport
18%
Madonnelle
18%
Palazzolo
17%
Bartolo Longo
14%
Villa Visconti
13%
Parco Angelina
12%
S. Gioacchino
9%
S. Antonio
7%

Distribuzione punteggi

Percentile per numero di risposta

Percentuale di utenti per punteggio

I tuoi punteggi nel tempo

Non hai fatto questo quiz